000 00627nam a22001457a 4500
020 _a1-86039-867-7
082 _a823
_bMAY/W
100 _aMAYO, MARGARET
245 _aWHY THE SEA IS SALT
_bAND WHY PEOPLE COME IN DIFFERENT COLOURS
260 _aAUSTRALIA
_bORCHARD BOOK
_c1998
300 _a48
520 _aIn the Norse, one day a skipper wanted to buy the hand-mill from him, and eventually persuaded him. In all versions, the new owner took it to sea and set it to grind out salt. It ground out salt until it sank the boat, and then went on grinding in the sea, turning the sea salty.
650 _aSHORT STORY
942 _cBK
999 _c6206
_d6206